Missing Word: Gary Sinise Quiz Stats

 Plays Quiz Updated Oct 8, 2016

Challenge
Share
Tweet
Embed
Score 0/14 Timer 03:00
0 Plays Today
Film Missing Word % Correct
_____ GumpForrest
98.4%
Of _____ and MenMice
97.6%
Apollo _____13
95.2%
The _____ MileGreen
93.9%
Reindeer _____Games
80.9%
_____ to MarsMission
70.9%
The _____ and the DeadQuick
67.6%
Film Missing Word % Correct
The _____ BounceBig
40.5%
*_____ Season*Open
37.2%
Snake _____Eyes
35.3%
The Human _____Stain
14.9%
_____ AlligatorAlbino
10.1%
A Midnight _____Clear
7.8%
A _____ GameGentleman's
4.3%

Today's Daily Dose

You're not logged in!

Compare scores with friends on all Sporcle quizzes.
Join for Free
OR
Log In

You Might Also Like...

Show Comments

Extras

Top Quizzes Today


Score Distribution

Your Account Isn't Verified!

In order to create a playlist on Sporcle, you need to verify the email address you used during registration. Go to your Sporcle Settings to finish the process.

Report this User

Report this user for behavior that violates our Community Guidelines.

Details: